000 00414nam a2200145 4500
001 107814
003 ES-MaACL
007 t|
008 061121s1975 fr r ||||1| fre d
100 1 _aMoulin, Jean-Pierre.
_983861
245 1 0 _aComment peut on ne pas être français? /
_cJean-Pierre Moulin.
260 _a[s.l] :
_bJ.C. Lattés,
_c1975.
300 _a217 p. ;
_c22 cm.
852 _aES-MaACL
_jE-9498
_bR.94219
999 _c107814
_d107814